Ever Happen to You? /

Bud Blake (1918-2005), caricaturista norteamericano. Aficionado a la talla de madera, abandonó los estudios para trabajar como demostrador de una compañía de cortaplumas. Después de vender unan tira cómica a la revista Old Judge Magazine, decidió seguir estudiando; a los 18 años de edad se unió la a...

Olles dieđut

Furkejuvvon:
Bibliográfalaš dieđut
Váldodahkki: Blake, Bud (autor)
Materiálatiipa: Girji
Giella:eaŋgalasgiella
Almmustuhtton: Nueva York, EUA : King Features, 1963, c1963
Fáttát:
Fáddágilkorat: Lasit fáddágilkoriid
Eai fáddágilkorat, Lasit vuosttaš fáddágilkora!

MARC

LEADER 00000nam^a2200000^a^4500
001 000185869
005 20250521000000.0
009 20260310102205.719
037 |a Acervo ITESO - Biblioteca 
041 |a ING 
082 |a 741. 53  |b BLA 
100 |a Blake, Bud  |e (autor) 
245 1 0 |a Ever Happen to You? /  |c B. Blake. 
264 4 |a Nueva York, EUA :  |b King Features,  |c 1963, c1963 
300 |a 128 p. 
336 |a texto  |b txt  |2 rdacontenido 
337 |a sin mediación  |b n  |2 rdamedio 
338 |a volumen  |b nc  |2 rdasoporte 
520 |a Bud Blake (1918-2005), caricaturista norteamericano. Aficionado a la talla de madera, abandonó los estudios para trabajar como demostrador de una compañía de cortaplumas. Después de vender unan tira cómica a la revista Old Judge Magazine, decidió seguir estudiando; a los 18 años de edad se unió la agencia Kudner Advertising, que más tarde dirigiría. Como historietista independiente, realizó varias tiras cómicas para diferentes revistas, hasta que, en 1965, creó la tira dominical Tiger, que le dio gran fama y fue seleccionada en tres ocasiones como la mejor tira cómica y humorística del año por la Sociedad Nacional de Caricaturistas (1970, 1978 y 2000). 
649 |a XX 
650 |a Familia -  |z EUA 
650 |a Vida Cotidiana -  |z EUA 
650 |a Prácticas Culturales -  |z EUA 
650 |a Sociología de la Cultura 
650 |a Historietas y Caricaturas de Humor 
650 |a Historietas y Caricaturas de Temas Políticos y Sociales 
650 |a Historietas y Caricaturas Norteamericanas 
650 |a Medios de Comunicación 
650 |a Comunicación Masiva 
910 |a Fondo General 
920 |a Impresos - Libros 
930 |a Colección General 
905 |a 101 
901 |a 0500127089  |b IT1  |c ACC  |u 20250521 
902 |a https://opac.biblio.iteso.mx/vufind/Record/000185869